000 00486nam a2200169Ia 4500
999 _c16079
_d16079
003 OSt
005 20200606115848.0
008 190216s9999||||xx |||||||||||||| ||und||
040 _cMESKC library
082 _a891.431
_bRAS/S
100 _aRastogi, Shail
_9374
245 0 _aSannata Khinche Din /
_cShail Rastogi
260 _bSahithya Vidhi Prakashan,
_aDelhi:
_c2001.
300 _a64p
650 _aHindi
942 _cBK
_2ddc
_h891.431
_iRAS/S
_k891.431
_mRAS/S